| 000 -Record Label |
| fixed length control field |
00555nam 2200157 4500 |
| 100 ## - General Processing Data |
| General Processing Data |
20170113d m||y0pory50 ba |
| 200 ## - Title and Statement of Responsibility |
| Title Proper |
Vaticano II ,um espírito novo |
| Other Title Information |
a primeira sessão do concílio |
| First Statement of Responsibility |
Seminário das Missões |
| 210 ## - Publication, Distribution, etc. |
| Place of Publication, Distribution, etc. |
Cucujães |
| Name of Publisher, Distributor, etc. |
Seminário das Missões |
| Date of Publication, Distribution, etc. |
[s.d.] |
| 215 ## - Physical Description |
| Specific Material Designation and Extent of Item |
122,[13]p. |
| Dimensions |
21cm |
| 225 ## - Series |
| Series Title |
Igreja e Missão (número extraordinário) |
| Parallel Series Title |
Revista missionária de cultura e actualidade |
| Volume Designation |
11 |
| 600 ## - Personal Name Used as Subject |
| Entry Element |
Seminário das Missões |
| 601 ## - Corporate Body Name Used as Subject |
| Entry Element |
Seminário das Missões |
| 675 ## - Universal Decimal Classification (UDC) |
| Number |
262.5 |
| Edition |
UPS |
| Language of Edition |
por |
| 090 ## - System Control Numbers (Koha) |
| Koha biblioitem number (autogenerated) |
1401 |
| 942 ## - ADDED ENTRY ELEMENTS (KOHA) |
| Koha item type |
Books |